000 00617nam a22002052 4500
001 0000023852
005 20151217152250.0
008 130405s xx 000 0 eng d
020 _a8177543636 :
040 _aKABU
_cKABU
245 1 0 _aOrganic farming :
_bprinciples, prospects and problems /
_ceditor, Suresh N. Deshmukh.
250 _a1st ed.
260 _aJodhpur, India :
_bAGRBIOS,
_c2010.
300 _a359 p.
650 0 _aOrganic farming.
_@0000183600
650 0 _aOrganiculture.
_@0000183601
852 1 _9p2690 KES
908 _a130405
950 _@1
999 _c10011
_d10011